| Tag |
First Indicator |
Second Indicator |
Subfields |
| LEADER |
00000cam a2200000 a 4500 |
| 001 |
in00001069885 |
| 005 |
20150929101635.0 |
| 008 |
920513s1992 pau b 001 0 eng d |
| 010 |
|
|
|a 91076985
|
| 020 |
|
|
|a 0871698226 (pbk.)
|
| 035 |
|
|
|a (OCoLC)25806933
|
| 035 |
|
|
|9 AFP2193AM
|
| 040 |
|
|
|a YSM
|c YSM
|d TXA
|d UtOrBLW
|
| 049 |
|
|
|a TXAM
|
| 090 |
|
|
|a Q11
|b .P6 v.82, pt.2
|
| 100 |
1 |
|
|a Schuler, Robert M.
|
| 245 |
1 |
0 |
|a Francis Bacon and scientific poetry /
|c Robert M. Schuler.
|
| 264 |
|
1 |
|a Philadelphia :
|b American Philosophical Society,
|c 1992.
|
| 300 |
|
|
|a 65 pages ;
|c 26 cm.
|
| 336 |
|
|
|a text
|b txt
|2 rdacontent
|
| 337 |
|
|
|a unmediated
|b n
|2 rdamedia
|
| 338 |
|
|
|a volume
|b nc
|2 rdacarrier
|
| 490 |
1 |
|
|a Transactions of the American Philosophical Society,
|x 0065-9746 ;
|v v. 82, pt. 2
|
| 504 |
|
|
|a Includes bibliographical references and index.
|
| 600 |
1 |
0 |
|a Bacon, Francis,
|d 1561-1626
|x Knowledge
|x Literature.
|
| 650 |
|
0 |
|a Didactic poetry
|x History and criticism.
|
| 650 |
|
0 |
|a Science
|v Poetry.
|
| 830 |
|
0 |
|a Transactions of the American Philosophical Society.
|x 0065-9746 ;
|v v. 82, pt. 2.
|
| 999 |
|
|
|a MARS
|
| 999 |
f |
f |
|s c8942d9f-cb27-33e6-bd85-b8e0da668ef3
|i 110c9355-2e81-3cc9-9cb0-605a716d4a1a
|t 0
|
| 952 |
f |
f |
|p normal
|a Texas A&M University
|b College Station
|c Sterling C. Evans Library
|d Evans: Library Stacks
|t 0
|e Q11 .P6 v.82, pt.2
|h Library of Congress classification
|i unmediated -- volume
|m A14815705688
|
| 998 |
f |
f |
|a Q11 .P6 v.82, pt.2
|t 0
|l Evans: Library Stacks
|